000 00974nam a2200217Ia 4500
008 130821s ck gs spa
040 _aCo-BoUCM
_bspa
041 0 0 _aspa
092 _aCDM 0201
110 1 _aColombia.
_bMinisterio de la Protección Social.
_bPrograma de Apoyo a la Reforma de Salud. PARS
245 1 0 _aGuías de promoción de la salud y prevención de las enfermedades en la salud pública tomos I y II
_c[CD-ROM]
_cPrograma de Apoyo a la Reforma de Salud
260 _aBogotá (Colombia)
_bPARS
_c2007
300 _a1 CD-ROM
490 0 _aColección Publicaciones PARS
650 0 4 _aProgramas de salud
_zColombia
_vCD-ROM
_922527
650 0 4 _aPromoción de la salud
_zColombia
_vGuías
_vCD-ROM
_922556
650 0 4 _aSalud pública
_98073
650 0 4 _aSalud pública
_zColombia
_vGuías
_vCD-ROM
_98073
710 2 _aUniversidad Nacional de Colombia.
_bInstituto de Salud Pública.
_bInstituto de Investigaciones Clínicas
942 _cMULTIMEDIA
_2LOCAL
_a26
_e1
999 _c66344
_d66344